UM Logo
Normal view MARC view
  • Capella, Gabriel J.

Entry Personal Name

Number of records used in: 1

001 - CONTROL NUMBER

  • control field: 55874

003 - CONTROL NUMBER IDENTIFIER

  • control field: OSt

005 - DATE AND TIME OF LATEST TRANSACTION

  • control field: 20240403092412.0

008 - FIXED-LENGTH DATA ELEMENTS

  • fixed length control field: 240403|| aca||aabn | a|a d

040 ## - CATALOGING SOURCE

  • Original cataloging agency: OSt
  • Transcribing agency: OSt

100 ## - HEADING--PERSONAL NAME

  • Personal name: Capella, Gabriel J.
  • Relator term: author.

670 ## - SOURCE DATA FOUND

  • Source citation: Work cat.: (OSt): Acosta-Cambranis, Fernando. author. 55871, Common-mode voltage mitigation strategies using sigma–delta modulation in five-phase VSIs /, October 2022.